Understanding Human Behavior <An> Introduction to Psychology

Salvato in:
Dettagli Bibliografici
Autore principale: MacConnell, James V.
Natura: Libro
Lingua:inglese
Pubblicazione: New York Holt 1983
Edizione:4. ed.
Soggetti:
Tags: Aggiungi Tag
Nessun Tag, puoi essere il primo ad aggiungerne!!

MARC

LEADER 00000nam a2200000 4500
001 c003992
005 20221207074246.1
020 |a 0-03-062329-4 
041 0 |a eng 
044 |a US 
245 1 0 |a Understanding Human Behavior  |b <An> Introduction to Psychology  |c James V. MacConnell 
250 |a 4. ed. 
264 1 |a New York  |b Holt  |c 1983 
300 |a 697 s. 
610 2 0 |a správanie 
610 2 0 |a behaviorizmus 
610 2 0 |a psychológia 
610 2 0 |a psychológia sociálna 
100 1 |a MacConnell, James V.